[Event "Stone Flower 14th"]
[Site "Nizhnij Tagil"]
[Date "2013.12.05"]
[Round "9"]
[White "Lozhnikov, Vyacheslav"]
[Black "Saiyn, Zhanat"]
[Result "1/2-1/2"]
[WhiteElo "2317"]
[BlackElo "2360"]
[PlyCount "60"]
[EventDate "2013.11.28"]
[EventType "tourn"]
[EventRounds "9"]
[EventCountry "RUS"]
[EventCategory "1"]
[SourceTitle "EXT 2015"]
[Source "ChessBase"]
[SourceDate "2014.11.20"]
[SourceVersion "1"]
[SourceVersionDate "2014.11.20"]
[SourceQuality "1"]

1. d4 Nf6 2. c4 g6 3. Nc3 d5 4. Nf3 Bg7 5. h4 c6 6. cxd5 cxd5 7. Bf4 Nc6 8. e3 0-0 9. Be2 Qb6 10. Qb3 Qxb3 11. axb3 Bf5 12. Ne5 Rfc8 13. Kd2 Nxe5 14. Bxe5 Ne4+ 15. Nxe4 Bxe4 16. f3 f6 17. fxe4 fxe5 18. Bg4 Rd8 19. Be6+ Kh8 20. exd5 exd4 21. e4 Rf8 22. Rhf1 Rxf1 23. Rxf1 Rf8 24. Rxf8+ Bxf8 25. e5 Bg7 26. d6 exd6 27. exd6 Be5 28. d7 Bf6 29. h5 gxh5 30. Kd3 Kg7 1/2-1/2

[Event "Stone Flower 14th"]
[Site "Nizhnij Tagil"]
[Date "2013.12.02"]
[Round "6"]
[White "Dilmukhametov, Artur"]
[Black "Lozhnikov, Vyacheslav"]
[Result "1-0"]
[WhiteElo "2172"]
[BlackElo "2317"]
[PlyCount "127"]
[EventDate "2013.11.28"]
[EventType "tourn"]
[EventRounds "9"]
[EventCountry "RUS"]
[EventCategory "1"]
[SourceTitle "EXT 2015"]
[Source "ChessBase"]
[SourceDate "2014.11.20"]
[SourceVersion "1"]
[SourceVersionDate "2014.11.20"]
[SourceQuality "1"]

1. e4 c5 2. c3 Nf6 3. e5 Nd5 4. d4 cxd4 5. Nf3 d6 6. cxd4 Nc6 7. exd6 Qxd6 8. Nc3 Bg4 9. Be2 e6 10. 0-0 Be7 11. h3 Bh5 12. Qb3 0-0 13. Qxb7 Rab8 14. Qa6 Bxf3 15. Bxf3 Ndb4 16. Qa4 Nxd4 17. Be4 f5 18. a3 Nbc6 19. Bxc6 Nxc6 20. Rd1 Qc7 21. Bf4 e5 22. Nd5 Qb7 23. Qxc6 exf4 24. Qe6+ Rf7 25. Rac1 Bd8 26. Nxf4 Bg5 27. Rc4 Qe7 28. Rc8+ Rxc8 29. Qxc8+ Rf8 30. Qe6+ Rf7 31. Qc8+ Rf8 32. Qe6+ Rf7 33. Qc4 Bxf4 34. Qxf4 h6 35. Qd6 Qe2 36. Qd2 Qb5 37. Qd8+ Kh7 38. Qd5 Qa4 39. Rc1 Rf6 40. Rc8 Qf4 41. g3 Qd6 42. Qxd6 Rxd6 43. Rc7 Rd2 44. b4 a5 45. bxa5 Rd3 46. a6 Rxa3 47. a7 Kg6 48. Kf1 Kf6 49. Ke2 g5 50. Kd2 Ke5 51. Kc2 Ke4 52. Re7+ Kd4 53. Kb2 Ra6 54. Kb3 Kc5 55. Rc7+ Kd5 56. Kb4 Ra1 57. Kb5 Kd6 58. Rc6+ Kd5 59. Ra6 Rb1+ 60. Ka5 Kc5 61. Rc6+ Kd5 62. Rxh6 Kc5 63. Rc6+ Kd5 64. Rc8 1-0

[Event "Wch U20 52nd"]
[Site "Kocaeli"]
[Date "2013.09.18"]
[Round "6"]
[White "Pon, Matt"]
[Black "Lozhnikov, Vyacheslav"]
[Result "0-1"]
[WhiteElo "1919"]
[BlackElo "2339"]
[PlyCount "80"]
[EventDate "2013.09.13"]
[EventType "swiss"]
[EventRounds "13"]
[EventCountry "TUR"]
[SourceTitle "CBM 156 Extra"]
[Source "ChessBase"]
[SourceDate "2013.10.22"]
[SourceVersion "1"]
[SourceVersionDate "2013.10.22"]
[SourceQuality "1"]

1. d4 Nf6 2. Nf3 g6 3. Nbd2 d5 4. b4 Bg7 5. e3 0-0 6. c4 a5 7. b5 c5 8. Bb2 cxd4 9. Bxd4 Bf5 10. Be2 Ne4 11. Bxg7 Kxg7 12. Nxe4 dxe4 13. Nd4 e5 14. Nxf5+ gxf5 15. Qc2 Qe7 16. Rd1 Nd7 17. g4 Nc5 18. gxf5 Rad8 19. Rd5 Rxd5 20. cxd5 b6 21. Rg1+ Kh8 22. Rg4 Qd7 23. f3 Qxf5 24. fxe4 Qf6 25. Rg3 Rg8 26. Rxg8+ Kxg8 27. Bf1 Qh4+ 28. Kd1 Qxe4 29. Qxe4 Nxe4 30. Kc2 Nd6 31. Kd3 f5 32. Bh3 Kf7 33. e4 fxe4+ 34. Ke3 Nxb5 35. Kxe4 Kf6 36. d6 Nxd6+ 37. Kd5 Nb5 38. Kc6 Nc3 39. Kxb6 Nxa2 40. Kxa5 e4 0-1

[Event "Wch U20 52nd"]
[Site "Kocaeli"]
[Date "2013.09.17"]
[Round "5"]
[White "Lozhnikov, Vyacheslav"]
[Black "Dimitrov, Radoslav"]
[Result "0-1"]
[WhiteElo "2339"]
[BlackElo "2437"]
[PlyCount "98"]
[EventDate "2013.09.13"]
[EventType "swiss"]
[EventRounds "13"]
[EventCountry "TUR"]
[SourceTitle "CBM 156 Extra"]
[Source "ChessBase"]
[SourceDate "2013.10.22"]
[SourceVersion "1"]
[SourceVersionDate "2013.10.22"]
[SourceQuality "1"]

1. d4 d5 2. c4 c6 3. Nf3 Nf6 4. e3 Bf5 5. cxd5 cxd5 6. Nc3 Nc6 7. Ne5 e6 8. g4 Bg6 9. h4 h5 10. Nxg6 fxg6 11. g5 Nd7 12. Qc2 Kf7 13. Bd3 Ne7 14. e4 Nb6 15. Rh3 Qd7 16. Rf3+ Kg8 17. exd5 Nf5 18. Bxf5 exf5 19. Bf4 Bd6 20. Bxd6 Qxd6 21. 0-0-0 Kh7 22. Kb1 Rhe8 23. Qd3 Nxd5 24. Nxd5 Qxd5 25. Re3 Rad8 26. f3 Qxd4 27. Qxd4 Rxd4 28. Rxe8 Rxd1+ 29. Kc2 Rd4 30. Re7 b5 31. Rxa7 Rxh4 32. Rd7 Rc4+ 33. Kd1 f4 34. Rd5 b4 35. Re5 Rd4+ 36. Ke1 b3 37. axb3 Rd3 38. Ke2 Rxb3 39. Re4 Rxb2+ 40. Kf1 Rb5 41. Kf2 Rxg5 42. Rxf4 Rf5 43. Rc4 g5 44. Kg3 Ra5 45. Rb4 Ra3 46. Kg2 Kh6 47. Rb6+ g6 48. Rb4 g4 49. fxg4 h4 0-1

[Event "KAZ-ch"]
[Site "Kostanay"]
[Date "2013.05.02"]
[Round "8"]
[White "Lozhnikov, Vyacheslav"]
[Black "Jumabayev, Rinat"]
[Result "1/2-1/2"]
[WhiteElo "2117"]
[BlackElo "2522"]
[PlyCount "155"]
[EventDate "2013.04.25"]
[EventType "tourn"]
[EventRounds "11"]
[EventCountry "KAZ"]
[EventCategory "3"]
[SourceTitle "CBM 154 Extra"]
[Source "ChessBase"]
[SourceDate "2013.06.25"]
[SourceVersion "2"]
[SourceVersionDate "2013.06.25"]
[SourceQuality "1"]

1. d4 Nf6 2. c4 e6 3. Nc3 Bb4 4. Qc2 0-0 5. a3 Bxc3+ 6. Qxc3 b6 7. Bg5 c5 8. Nf3 Bb7 9. e3 d6 10. dxc5 bxc5 11. Rd1 a5 12. Bxf6 gxf6 13. Bd3 Nd7 14. Bc2 Ra6 15. Ba4 Ne5 16. Nxe5 fxe5 17. Bb5 Ra8 18. f3 Qg5 19. Qd2 Rfd8 20. e4 Qxd2+ 21. Kxd2 d5 22. exd5 exd5 23. cxd5 Rxd5+ 24. Ke3 Rb8 25. Rxd5 Bxd5 26. a4 Bb3 27. Rc1 c4 28. Bxc4 Bxa4 29. Ra1 Bb3 30. Bxb3 Rxb3+ 31. Ke4 Rxb2 32. Rxa5 Rxg2 33. Rxe5 Rxh2 34. Ra5 Kg7 35. Kf4 Rg2 36. Rh5 Kg6 37. Rh1 h5 38. Rh3 Ra2 39. Rg3+ Kf6 40. Rg8 Ra4+ 41. Kg3 h4+ 42. Kh3 Rf4 43. Kg2 Kf5 44. Rh8 f6 45. Rh5+ Kg6 46. Rh8 Rd4 47. Kh3 Kg5 48. Rg8+ Kf5 49. Rh8 Rd3 50. Rxh4 Rxf3+ 51. Kg2 Rf4 52. Rh3 Ra4 53. Rb3 Kg4 54. Kf2 Ra2+ 55. Kf1 Rd2 56. Ra3 Kf4 57. Ra6 Ke5 58. Ra3 f5 59. Ra4 Rb2 60. Rc4 Kf6 61. Ra4 Kg5 62. Rc4 Rh2 63. Ra4 Rb2 64. Rc4 Rb3 65. Kf2 Rb2+ 66. Kf1 f4 67. Rc3 Kf5 68. Ra3 Ke4 69. Rc3 Kf5 70. Ra3 Kg4 71. Rc3 Rh2 72. Ra3 Rh1+ 73. Kf2 Rc1 74. Rb3 Rc4 75. Ra3 Rb4 76. Rc3 f3 77. Rc8 Rb2+ 78. Kf1 1/2-1/2

[Event "Pavlodar op"]
[Site "Pavlodar"]
[Date "2012.12.04"]
[Round "6"]
[White "Dvoirys, Semen I"]
[Black "Lozhnikov, Vyacheslav"]
[Result "1-0"]
[WhiteElo "2534"]
[BlackElo "2276"]
[PlyCount "113"]
[EventDate "2012.11.30"]
[EventType "swiss"]
[EventRounds "10"]
[EventCountry "KAZ"]
[SourceTitle "EXT 2014"]
[Source "ChessBase"]
[SourceDate "2013.11.20"]
[SourceVersion "1"]
[SourceVersionDate "2013.11.20"]
[SourceQuality "1"]

1. e4 c5 2. Nf3 d6 3. d4 cxd4 4. Nxd4 Nf6 5. Nc3 a6 6. a3 e5 7. Nf3 Qc7 8. Bd3 Be7 9. Nd2 Be6 10. Nf1 Nbd7 11. Ne3 b5 12. Qf3 Nc5 13. Nf5 Bxf5 14. Qxf5 Nxd3+ 15. cxd3 Qd7 16. Qf3 h6 17. 0-0 0-0 18. Qg3 Nh5 19. Qf3 Nf6 20. Rd1 Qe6 21. d4 Rad8 22. d5 Qd7 23. Qd3 Rc8 24. a4 b4 25. Ne2 Qb7 26. Ng3 Rfe8 27. Nf5 Bf8 28. Qf3 Nh7 29. h4 Rc2 30. Ne3 Rc5 31. Rd3 g6 32. Bd2 a5 33. h5 Ng5 34. Qg4 Qa6 35. Rb3 Qc8 36. hxg6 fxg6 37. Qh4 Qd8 38. Kh1 Bg7 39. Rd3 Rf8 40. f3 Rf4 41. Ng4 h5 42. g3 Nf7 43. Qxd8+ Nxd8 44. gxf4 hxg4 45. fxe5 Bxe5 46. Rg1 Bxb2 47. Rxg4 Kg7 48. f4 Nf7 49. Be3 Rc4 50. Bb6 Rxe4 51. Bxa5 Bc3 52. Rdg3 g5 53. fxg5 Rxg4 54. Rxg4 Ne5 55. Bxb4 Nxg4 56. Bxc3+ Kg6 57. Bd4 1-0

[Event "Pavlodar op"]
[Site "Pavlodar"]
[Date "2012.08.07"]
[Round "3"]
[White "Baimurzin, Aitkazy"]
[Black "Lozhnikov, Vyacheslav"]
[Result "0-1"]
[WhiteElo "2138"]
[BlackElo "2304"]
[PlyCount "58"]
[EventDate "2012.08.05"]
[EventType "swiss"]
[EventRounds "7"]
[EventCountry "KAZ"]
[SourceTitle "EXT 2014"]
[Source "ChessBase"]
[SourceDate "2013.11.20"]
[SourceVersion "1"]
[SourceVersionDate "2013.11.20"]
[SourceQuality "1"]

1. c4 Nf6 2. Nc3 d5 3. cxd5 Nxd5 4. Nf3 g6 5. g3 Bg7 6. Bg2 0-0 7. 0-0 Nb6 8. d3 Nc6 9. Be3 Bg4 10. Rc1 Rb8 11. a3 Bxf3 12. Bxf3 Nd4 13. Bg2 e5 14. b4 Qe7 15. Ne4 Nd5 16. Bg5 f6 17. Bd2 c6 18. Nc5 Kh8 19. e3 Ne6 20. Qb3 Ndc7 21. f4 exf4 22. gxf4 f5 23. Nxe6 Nxe6 24. d4 Rfd8 25. Rfd1 Nc7 26. Rc5 Ne8 27. d5 cxd5 28. Rxd5 Rxd5 29. Bxd5 Nf6 0-1

[Event "KAZ-ch qual"]
[Site "Astana"]
[Date "2012.02.22"]
[Round "2"]
[White "Lozhnikov, Vyacheslav"]
[Black "Medybayev, Renat"]
[Result "1-0"]
[WhiteElo "2304"]
[BlackElo "2132"]
[PlyCount "59"]
[EventDate "2012.02.21"]
[EventType "swiss"]
[EventRounds "9"]
[EventCountry "KAZ"]
[SourceTitle "EXT 2014"]
[Source "ChessBase"]
[SourceDate "2013.11.20"]
[SourceVersion "1"]
[SourceVersionDate "2013.11.20"]
[SourceQuality "1"]

1. d4 d5 2. c4 e6 3. Nf3 Nf6 4. g3 Be7 5. Bg2 0-0 6. 0-0 Nbd7 7. Qc2 c6 8. Nbd2 Re8 9. e4 dxe4 10. Nxe4 Nxe4 11. Qxe4 c5 12. Rd1 Qb6 13. Qe2 cxd4 14. Nxd4 a6 15. Nb3 Bf8 16. Be3 Qc7 17. Rac1 e5 18. c5 Nb8 19. Nd2 Nc6 20. Ne4 Be6 21. Ng5 Bf5 22. Bd5 Bg6 23. h4 h5 24. Qf3 Rad8 25. Be4 Rxd1+ 26. Rxd1 Rd8 27. Bxg6 fxg6 28. Rxd8 Nxd8 29. Qd5+ Nf7 30. b4 1-0

[Event "KAZ-ch U20"]
[Site "Kostanay"]
[Date "2012.02.11"]
[Round "9"]
[White "Lozhnikov, Vyacheslav"]
[Black "Serikbay, Chingiz"]
[Result "1-0"]
[WhiteElo "2304"]
[BlackElo "2116"]
[PlyCount "77"]
[EventDate "2012.02.04"]
[EventType "swiss"]
[EventRounds "9"]
[EventCountry "KAZ"]
[SourceTitle "EXT 2014"]
[Source "ChessBase"]
[SourceDate "2013.11.20"]
[SourceVersion "1"]
[SourceVersionDate "2013.11.20"]
[SourceQuality "1"]

1. d4 Nf6 2. c4 e6 3. Nf3 Bb4+ 4. Bd2 Bxd2+ 5. Nbxd2 b6 6. Qc2 Bb7 7. g3 d6 8. Bg2 0-0 9. 0-0 Nbd7 10. Rac1 Qe7 11. e4 e5 12. d5 a5 13. b3 Bc8 14. a3 Ng4 15. Bh3 Ndf6 16. Bg2 h5 17. b4 Ne8 18. c5 axb4 19. axb4 Bd7 20. c6 Bc8 21. Ra1 Rxa1 22. Rxa1 g6 23. Ra8 Ng7 24. Nh4 Kh7 25. Bf1 f5 26. Rxc8 Rxc8 27. exf5 Nxf5 28. Nxf5 Qf6 29. h3 Qxf5 30. Qxf5 gxf5 31. hxg4 hxg4 32. Ba6 Ra8 33. b5 Kg7 34. Nc4 Ra7 35. Kg2 Kf6 36. Nxb6 f4 37. gxf4 exf4 38. Nc8 Ra8 39. Nxd6 1-0